| 000 | 00758nam a2200253 a 4500 | ||
|---|---|---|---|
| 001 | 000021748 | ||
| 003 | OCoLC | ||
| 005 | 20200930011432.0 | ||
| 008 | 081127s2001 sp a 000 f spa d | ||
| 020 | _a8466303901 | ||
| 040 |
_aDO-SdBNP _bspa _cBNPHU |
||
| 082 |
_a863.3 _bL431t |
||
| 245 | 0 | 0 |
_aLazarillo de Tormes / _cAnónimo ; estudios y notas por Eugenio Alonso Martín. |
| 260 |
_aMadrid : _bGrupo Santillana, _c2001. |
||
| 300 |
_a86 p. : _bil. ; _c21 cm. |
||
| 490 | 1 |
_aPunto de lectura _v300/6 |
|
| 500 | _aEdición anotada y comentada | ||
| 650 | 4 |
_aNovela española _91123 |
|
| 650 | 4 |
_aNovela picaresca española _942269 |
|
| 650 | 4 |
_aLiteratura española _9632 |
|
| 830 | 0 |
_aPunto de lectura; _v300/6 _93047 |
|
| 910 | _aWM | ||
| 049 | _aBNGR | ||
| 999 |
_c21247 _d21247 |
||